| 000 | 00854cab a2200289 4500 | ||
|---|---|---|---|
| 001 | WB2829-10 | ||
| 008 | 090401t1992 xxu||||| |||| 00| 0 eng d | ||
| 035 | _a(Sirsi) u63606 | ||
| 041 | _aeng | ||
| 245 | _aProperty management | ||
| 260 | _c1992 | ||
| 350 | _a0 | ||
| 490 |
_aFinancial Times _v17 July 1992 (LOAN) |
||
| 520 | _aTechnology, environmental standards, complexity of building maintenance as well as the recession property management is becoming more important. | ||
| 650 | _aBANKS | ||
| 650 | _aABOUT RICS-RICS MEMBERS | ||
| 650 |
_aFACILITIES MANAGEMENT _96240 |
||
| 650 | _aLANDLORDS | ||
| 650 | _aPRIVATISATION | ||
| 650 | _aPROPERTY ASSETS | ||
| 650 |
_aProperty management _96262 |
||
| 650 | _aPROPERTY PORTFOLIOS | ||
| 650 | _aPSA | ||
| 690 | _aCOMMERCIAL PROPERTY-MANAGEMENT | ||
| 942 | _n0 | ||
| 948 | _c04/03/1997 | ||
| 999 |
_c39544 _d39544 |
||